000 01123nam a22002417a 4500
005 20230531131703.0
008 230531b mx |||||||| |||| 00| 0 spa d
020 _a9786073059848
050 0 4 _aGV199.44.M62
_bM53 2022
245 0 0 _aSenderos, paisaje y patrimonio del sureste de Morelia :
_blibro excursionista /
_cIván Franch Pardo y Maxime Dossin (coords.)
250 _aPrimera edición
260 _aMorelia, Michoacán :
_bUniversidad Nacional Autónoma de México, Escuela Nacional de Estudios Superiores, Unidad Morelia, Laboratorio Nacional de Materiales Orales,
_c2022
300 _a149 páginas :
_e+1 mapa, 89x63 cm :
_bilustraciones ;
_c24 cm
490 _aColección Senderos ;
_v1
650 7 _2lemb
_aExcursionismo
_zMichoacán,
_zMorelia
650 7 _2lemb
_aGuías
_xPaisaje natural
_zMichoacán
_zMorelia
650 7 _2lemb
_aGuías
_xGeología
_zMichoacán
_zMorelia
650 7 _2lemb
_aFauna forestal
_zMichoacán
_zMorelia
_xGuías
650 7 _2lemb
_aEtnología
_zMorelia
_zMichoacán
_xGuías
700 1 _aFranch Pardo, Ivan
_ecoordinador
700 1 _aDossin, Maxime
_ecoordinador
942 _2lcc
_cLIB
999 _c167327
_d167325